| 000 | 00655nam a22001817a 4500 | ||
|---|---|---|---|
| 005 | 20251108165522.0 | ||
| 008 | 250721s1986 xx 000 0 ara d | ||
| 082 | 1 | 4 | _aم/910.4/ناب |
| 100 | 1 | _aالنابلسي، عبد الغني بن إسماعيل | |
| 245 | 1 | 0 | _aالحقيقه و المجاز في الرحله الي بلاد الشام و مصر و الحجاز / |
| 264 | 1 |
_aالقاهرة : _bالهيئه المصريه العامه للكتاب، _c1986. |
|
| 300 | _a623ص0 | ||
| 650 | 1 | 7 | _aالرحلات |
| 650 | 1 | 7 | _aسفر |
| 700 | 1 |
_aهريدي، أحمد عبد المجيد _eاعداد |
|
| 942 |
_2ddc _cREF |
||
| 999 |
_c29827 _d29827 |
||